|
|
|
|
| LEADER |
00000cam a2200000 7i4500 |
| 001 |
0000052013 |
| 005 |
20220105104157.0 |
| 008 |
150914 |
| 020 |
|
|
|a 9789673641413
|
| 090 |
0 |
0 |
|a JP
|b MAL
|
| 245 |
0 |
0 |
|a Sahabat artik
|
| 260 |
|
|
|a Kuala Lumpur :
|b Edukid ,
|c 2014
|
| 490 |
0 |
|
|a Siri sahabat haiwan
|
| 500 |
|
|
|a Children age 4-6 years old (yellow)
|
| 650 |
|
0 |
|a Children stories, Malay
|
| 999 |
|
|
|a 0001354693
|b Book
|c Children Collection
|e Cawangan Taman Sri Lambak
|
| 999 |
|
|
|a 0001354694
|b Book
|c Children Collection
|e Cawangan Bandar Penawar
|
| 999 |
|
|
|a 0001354695
|b Book
|c Children Collection
|e Cawangan Kota Tinggi
|
| 999 |
|
|
|a 0001354696
|b Book
|c Children Collection
|e Cawangan Tangkak
|
| 999 |
|
|
|a 0001354697
|b Book
|c Children Collection
|e Cawangan Muar
|
| 999 |
|
|
|a 0001354698
|b Book
|c Children Collection
|e Cawangan Mersing
|
| 999 |
|
|
|a 0001354699
|b Book
|c Children Collection
|e Cawangan Bukit Gambir
|
| 999 |
|
|
|a 0001354700
|b Book
|c Children Collection
|e Cawangan Batu Pahat
|
| 999 |
|
|
|a 0001354701
|b Book
|c Children Collection
|e Cawangan Sri Merlong
|
| 999 |
|
|
|a 0001354702
|b Book
|c Children Collection
|e Cawangan Segamat
|
| 999 |
|
|
|a 0001354704
|b Book
|c Children Collection
|e Cawangan Tmn. Ungku Tun Aminah
|
| 999 |
|
|
|a 0001354705
|b Book
|c Children Collection
|e Cawangan Taman Universiti
|
| 999 |
|
|
|a 0001357532
|b Book
|c Children Collection
|e Perbadanan Perpustakaan Awam Johor
|
| 999 |
|
|
|a 0001357533
|b Book
|c Children Collection
|e Cawangan Urban Transformation Centre
|
| 999 |
|
|
|a 0001357534
|b Book
|c Children Collection
|e Cawangan AEON Kulaijaya
|